书目信息 |
| 题名: |
水果切雕
|
|
| 作者: | 李吉川 著 | |
| 分册: | ||
| 出版信息: | 北京 中国轻工业出版社 2005 |
|
| 页数: | 60页 | |
| 开本: | 23cm | |
| 丛书名: | 创意切雕大师 | |
| 单 册: | ||
| 中图分类: | TS972.114 | |
| 科图分类: | ||
| 主题词: | 水果 , 装饰雕塑 , 水果--装饰雕塑--技术--图解 | |
| 电子资源: | ||
| ISBN: | 7-5019-4704-X | |
| 000 | 00927oam2 2200289 450 | |
| 001 | 110000004715 | |
| 005 | 20051212142231.79 | |
| 010 | @a7-5019-4704-X@dCNY16.80 | |
| 092 | @aCN | |
| 100 | @a20050321d2005 ekmy0chiy0120 ea | |
| 101 | 0 | @achi |
| 102 | @aCN@b110000 | |
| 105 | @aa z 000yy | |
| 200 | 1 | @a水果切雕@9shui guo qie diao@f李吉川著@Fli ji chuan zhu |
| 210 | @a北京@c中国轻工业出版社@d2005 | |
| 215 | @a60页@c图@d23cm | |
| 225 | 2 | @a创意切雕大师@v4 |
| 330 | @a本书由水果切雕及应用、饮料造型和水果拼盘三部分组成,单个的水果切雕法,以该水果为核心的拼盘设计,包含10余种水果,12种饮料造型任你选择,20余种豪华水果拼盘让你技高一筹。 | |
| 461 | 0 | @12001 @a创意切雕大师 |
| 606 | 0 | @a水果 |
| 606 | 0 | @a装饰雕塑 |
| 606 | 0 | @a水果@x装饰雕塑@x技术@j图解 |
| 690 | @aTS972.114@v4 | |
| 701 | 0 | @a李吉川@Ali ji chuan@4著 |
| 801 | 0 | @aCN@bCXYBOOK@c20051212 |
| 905 | @a10447@dTS972.114@e123 | |
| 999 | @aZXL@eGLX | |
| 水果切雕/李吉川著.-北京:中国轻工业出版社,2005 |
| 60页:图;23cm.-(创意切雕大师;4) |
| ISBN 7-5019-4704-X:CNY16.80 |
| 本书由水果切雕及应用、饮料造型和水果拼盘三部分组成,单个的水果切雕法,以该水果为核心的拼盘设计,包含10余种水果,12种饮料造型任你选择,20余种豪华水果拼盘让你技高一筹。 |
| ● |
| 相关链接 |
|
|
|
|
正题名:水果切雕
索取号:TS972.114/123
 
预约/预借
| 序号 | 登录号 | 条形码 | 馆藏地/架位号 | 状态 | 备注 |
| 1 | 0370844 | 203708443 | 第二样本阅览室/ [索取号:TS972.114/123] | 在馆 | |
| 2 | 0370845 | 203708452 | 第三借阅区/ [索取号:TS972.114/123] | 在馆 | |
| 3 | 0370846 | 203708461 | 第三借阅区/ [索取号:TS972.114/123] | 在馆 | |
| 4 | 0370847 | 203708470 | 第三借阅区/ [索取号:TS972.114/123] | 在馆 | |
| 5 | 0370848 | 203708489 | 第三借阅区/ [索取号:TS972.114/123] | 在馆 |